Varadachary's annotated chess masterpieces (incomplete) (Record no. 6681)

MARC details
000 -LEADER
fixed length control field 00772 a2200217 4500
005 - DATE AND TIME OF LATEST TRANSACTION
control field 20080905121238.0
008 - FIXED-LENGTH DATA ELEMENTS--GENERAL INFORMATION
fixed length control field 080905t xxu||||| |||| 00| d eng d
010 ## - LIBRARY OF CONGRESS CONTROL NUMBER
LC control number ENG-87574
020 ## - INTERNATIONAL STANDARD BOOK NUMBER
International Standard Book Number 8181575601
Terms of availability 250.00
035 ## - SYSTEM CONTROL NUMBER
System control number EN-71107
037 ## - SOURCE OF ACQUISITION
Source of stock number/acquisition DBAD / PUB
082 ## - DEWEY DECIMAL CLASSIFICATION NUMBER
Classification number 882
100 ## - MAIN ENTRY--PERSONAL NAME
Personal name Vithal Rajan
245 ## - TITLE STATEMENT
Title Varadachary's annotated chess masterpieces (incomplete)
Statement of responsibility, etc by Vithal Rajan
260 ## - PUBLICATION, DISTRIBUTION, ETC. (IMPRINT)
Place of publication, distribution, etc Calcutta
Name of publisher, distributor, etc Writers Workshop
Date of publication, distribution, etc 2006
270 ## - ADDRESS
Address 162/92, Lake Gardens,
City Calcutta
Postal code 700 045
300 ## - PHYSICAL DESCRIPTION
Extent 184p.
Dimensions 22 cm (Hb)
490 ## - SERIES STATEMENT
Series statement Writers workshop bluebird book
942 ## - ADDED ENTRY ELEMENTS (KOHA)
Institution code [OBSOLETE] dpl
Koha item type English Books
Call number prefix 882 / VIT
Source of classification or shelving scheme Dewey Decimal Classification
Classification part 882
Call number suffix VIT
Holdings
Withdrawn status Lost status Damaged status Not for loan Collection code Home library Current library Date acquired Cost, normal purchase price Total Checkouts Full call number Barcode Date last seen Copy number Uniform Resource Identifier Cost, replacement price Price effective from Koha item type
      Not For Loan Non-fiction D.B.Act.Division D.B.Act.Division 05/09/2008 250.00   882 VIT EN-71107 15/09/2008 1 7183 250.00 15/09/2008 English Books

© Delhi Public Library
Hit Counter
free hit counter